MARC details
| 000 -LEADER |
| campo de control de longitud fija |
01654nam a2200301 i 4500 |
| 001 - NÚMERO DE CONTROL |
| campo de control |
153295 |
| 003 - IDENTIFICADOR DE NÚMERO DE CONTROL |
| campo de control |
ES-MaACL |
| 005 - FECHA Y HORA DE LA ÚLTIMA TRANSACCIÓN |
| campo de control |
20230906205148.0 |
| 008 - DATOS DE LONGITUD FIJA--INFORMACIÓN GENERAL |
| campo de control de longitud fija |
980325s1888 fr af |||| | fre d |
| 080 ## - NÚMERO DE LA CLASIFICACIÓN DECIMAL UNIVERSAL |
| Número de la Clasificación Decimal Universal |
391(091) |
| 100 1# - ENTRADA PRINCIPAL--NOMBRE DE PERSONA |
| Nombre de persona |
Racinet, Auguste. |
| 9 (RLIN) |
147970 |
| 245 13 - MENCIÓN DEL TÍTULO |
| Título |
Le costume historique |
| Resto del título |
: cinq cents planches, trois cents en couleurs, or et argent, deux cents en camaieu : types principaux du vetement et de la parure, rapprochés de ceux de l'intériur|crecueir / |
| Mención de responsabilidad, etc. |
publié sous la direction de A. Racinet..., avec de notices explicatives, una introduction general, des tablet et un glossaire. |
| 260 ## - PUBLICACIÓN, DISTRIBUCIÓN, ETC. |
| Lugar de publicación, distribución, etc. |
Paris : |
| Nombre del editor, distribuidor, etc. |
Librairie de Firmin-Didot et Cie., |
| Fecha de publicación, distribución, etc. |
1888. |
| 300 ## - DESCRIPCIÓN FÍSICA |
| Extensión |
5 v. : |
| Otras características físicas |
il. ; |
| Dimensiones |
22 cm. |
| 500 ## - NOTA GENERAL |
| Nota general |
Glosario: v. 1, p. [169]-246. |
| 504 ## - NOTA DE BIBLIOGRAFÍA, ETC. |
| Nota de bibliografía, etc. |
Bibliografía: v. 1, p. [141]-165. |
| 530 ## - NOTA DISPONIBLE DE FORMULARIO FÍSICO ADICIONAL |
| Nota de formato físico adicional disponible |
Disponible en formato digital. |
| 596 ## - NOTA AL PIE DE IMPRENTA |
| NOTA AL PIE DE IMPRENTA |
Marca tip. en port. |
| 650 #4 - PUNTO DE ACCESO ADICIONAL DE MATERIA--TÉRMINO DE MATERIA |
| Término de materia o nombre geográfico como elemento de entrada |
Traje- |
| Subdivisión general |
Historia. |
| 9 (RLIN) |
136943 |
| 650 04 - PUNTO DE ACCESO ADICIONAL DE MATERIA--TÉRMINO DE MATERIA |
| Término de materia o nombre geográfico como elemento de entrada |
Civilización. |
| 9 (RLIN) |
11079 |
| 852 ## - LOCALIZACIÓN |
| Ubicación |
ES-MaACL |
| Número de control de estantería |
F-4448-52 |
| Nota libre |
- Enc. hol. |
| condición física |
Sólo el t. I: introducción, tablas ... - Sólo 5 vol. |
| 856 ## - LOCALIZACIÓN Y ACCESO ELECTRÓNICOS |
| Identificador Uniforme de Recursos |
<a href="http://www.archive.org/details/lecostumehistori01raci ">http://www.archive.org/details/lecostumehistori01raci </a> |
| Nota pública |
Internet Archive |
| -- |
(v. 1) |
| 856 ## - LOCALIZACIÓN Y ACCESO ELECTRÓNICOS |
| Identificador Uniforme de Recursos |
<a href="http://www.archive.org/details/lecostumehistori02raci ">http://www.archive.org/details/lecostumehistori02raci </a> |
| Nota pública |
Internet Archive |
| -- |
(v. 2) |
| 856 ## - LOCALIZACIÓN Y ACCESO ELECTRÓNICOS |
| Identificador Uniforme de Recursos |
<a href="http://www.archive.org/details/lecostumehistori03raci ">http://www.archive.org/details/lecostumehistori03raci </a> |
| Nota pública |
Internet Archive |
| -- |
(v. 3) |
| 856 ## - LOCALIZACIÓN Y ACCESO ELECTRÓNICOS |
| Identificador Uniforme de Recursos |
<a href="http://www.archive.org/details/lecostumehistori04raci ">http://www.archive.org/details/lecostumehistori04raci </a> |
| Nota pública |
Internet Archive |
| -- |
(v. 4) |
| 856 ## - LOCALIZACIÓN Y ACCESO ELECTRÓNICOS |
| Identificador Uniforme de Recursos |
<a href="http://www.archive.org/details/lecostumehistori05raci ">http://www.archive.org/details/lecostumehistori05raci </a> |
| Nota pública |
Internet Archive |
| -- |
(v. 5) |
| 856 ## - LOCALIZACIÓN Y ACCESO ELECTRÓNICOS |
| Identificador Uniforme de Recursos |
<a href="http://www.archive.org/details/lecostumehistori06raci ">http://www.archive.org/details/lecostumehistori06raci </a> |
| Nota pública |
Internet Archive |
| -- |
(v. 6) |